|
|
|
|
| LEADER |
01045naa a2200217 i 4500 |
| 001 |
acta87852 |
| 005 |
20250605091334.0 |
| 008 |
250605s2025 hu o 100 hun d |
| 020 |
|
|
|a 978-963-688-043-9
|
| 040 |
|
|
|a SZTE Egyetemi Kiadványok Repozitórium
|b hun
|
| 041 |
|
|
|a hun
|
| 100 |
1 |
|
|a Derzsi Piroska
|
| 245 |
1 |
0 |
|a Viselet és társadalom
|h [elektronikus dokumentum] :
|b a koraújkori viseletszabályozás a 17-18. században : [absztrakt] /
|c Derzsi Piroska
|
| 260 |
|
|
|a Szegedi Tudományegyetem Bölcsészet- és Társadalomtudományi Kar
|b Szeged
|c 2025
|
| 300 |
|
|
|a 520
|
| 490 |
0 |
|
|a Országos Tudományos Diákköri Konferencia : Humán Tudományi Szekció
|
| 650 |
|
4 |
|a Bölcsészettudományok
|
| 650 |
|
4 |
|a Történettudomány és régészet
|
| 695 |
|
|
|a Öltözködés története - Erdély - 17-18. sz. - előadáskivonat, Szeben története - 17-18. sz. - előadáskivonat
|
| 710 |
|
|
|a Országos Tudományos Diákköri Konferencia (37.)
|c Szeged
|
| 856 |
4 |
0 |
|u http://acta.bibl.u-szeged.hu/87852/1/otdk_2025_human_520.pdf
|z Dokumentum-elérés
|